| 000 | 00739nam a22002177a 4500 | ||
|---|---|---|---|
| 005 | 20100730112439.0 | ||
| 010 | _aENG-97462 | ||
| 020 |
_a9788131725054 _c250.00 |
||
| 035 | _aEN-80995 | ||
| 037 | _bDBAD/PUB | ||
| 082 | _a158.1 | ||
| 100 |
_aHeppell, Michael _93811 |
||
| 245 |
_aHow to be brilliant / _cby Michael Heppell |
||
| 250 | _a2nd ed | ||
| 260 |
_aNew Delhi _bPearson Education _c2009 |
||
| 270 |
_a14 Local Shoping Centre, Panchsheel Park _bNew Delhi _e110017 |
||
| 300 |
_axv 176 p. : _c24 cm (Pbk) _bill |
||
| 700 | _91706 | ||
| 942 |
_2ddc _cEN _h158.1 _mHEP |
||
| 999 |
_c38223 _d38223 |
||